L'erotismo divinizzato /
Saved in:
| Hovedforfatter: | |
|---|---|
| Format: | Bog |
| Sprog: | italiensk |
| Udgivet: |
Como :
Red,
©1999
|
| Serier: | Uomini e dèi ;
9 |
| Tags: |
Ingen Tags, Vær først til at tagge denne postø!
|
MARC
| LEADER | 00000nam a22000007i 4500 | ||
|---|---|---|---|
| 001 | IT\ICCU\REA\0048175 | ||
| 003 | ItRI | ||
| 005 | 20240220194956.0 | ||
| 008 | 000208s1999 it |||||| ||||| |||||c | ||
| 020 | |a 8870319326 | ||
| 040 | |b ita |c GP | ||
| 041 | 7 | |a ita |2 ISO-639-2 | |
| 100 | 1 | |a Daniélou, Alain |0 IT\ICCU\CFIV\104520 |4 aut | |
| 240 | 1 | 2 | |a L'erotisme divinisé. |9 Daniélou, Alain |
| 240 | 1 | 3 | |a Le temple hindou. - |9 Daniélou, Alain |
| 245 | 1 | 2 | |a L'erotismo divinizzato / |c Alain Daniélou. |
| 260 | |a Como : |b Red, |c ©1999 | ||
| 300 | |a 127 p. : |b ill. ; |c 24 cm | ||
| 500 | |a Contiene anche: Il tempio indù | ||
| 500 | |a Trad. di Greta Joris. | ||
| 500 | |a P. 51-120 | ||
| 777 | 0 | |w IT\ICCU\TO0\1703182 |t Il tempio indù |a Daniélou, Alain | |
| 830 | 0 | |a Uomini e dèi ; |v 9 |0 IT\ICCU\LO1\0418143 | |
| 942 | |2 ddc |c BK | ||
| 952 | |0 0 |1 0 |2 ddc |4 0 |6 704_942800000000000_DAN |7 1 |9 704 |a RM |b RM |d 2024-02-20 |l 0 |o 704.9428 DAN |p 292 |r 2024-02-20 19:50:32 |w 2024-02-20 |y BK | ||
| 981 | 1 | |6 z01 |a i |b xxxe | |
| 982 | 1 | |6 z01 |a n | |
| 999 | |c 660 |d 660 | ||